000
00208 a2200097 4500
020
_a
9780822577850
041
_a
spa
100
_a
Patrick, Jean l.s.
245
_a
La niਠque poncho a babe ruth
942
_c
BK
999
_c
12819
_d
12819